The forest traveler : Georgi Stoikov Rakovski and Bulgarian nationalism
Αποθηκεύτηκε σε:
| Κύριος συγγραφέας: | |
|---|---|
| Μορφή: | Βιβλίο |
| Γλώσσα: | English |
| Δημοσίευση: |
New York :
Peter Lang,
1996
|
| Σειρά: | Balkan studies ;
; 5 |
| Θέματα: | |
| Ετικέτες: |
Προσθήκη ετικέτας
Δεν υπάρχουν, Καταχωρήστε ετικέτα πρώτοι!
|
MARC
| LEADER | 00000nam a2200000 i 4500 | ||
|---|---|---|---|
| 001 | 1/3082 | ||
| 008 | 000516s1996 eng d | ||
| 020 | |a 0-8204-2826-4 | ||
| 035 | |l 10060671 | ||
| 040 | |a GR-MY-UA |b gre |e aacr | ||
| 041 | 0 | |a eng | |
| 082 | 0 | |a 949.77015092 | |
| 100 | 1 | |a Firkatian, Mari A. |q (Mari Agop) |d 1959- | |
| 245 | 1 | 4 | |a The forest traveler : |b Georgi Stoikov Rakovski and Bulgarian nationalism / |c Mari a. Firkatian |
| 260 | |a New York : |b Peter Lang, |c 1996 | ||
| 300 | |a 194 p. | ||
| 490 | 1 | |a Balkan studies (New York, N.Y.) |v ; 5 | |
| 504 | |a Includes bibliographical references and index | ||
| 600 | 1 | 0 | |a Rakovski Georgi Stoikov |d 1821-1867. |
| 650 | 0 | 0 | |a Revolutionaries |z Bulgaria |x Biography. |
| 650 | 0 | 0 | |a Nationalism |z Bulgaria. |
| 651 | 0 | |a Bulgaria |x History |y 1762-1878. | |
| 830 | 0 | |a Balkan studies ; |v ; 5 | |
| 852 | |a INST |b LESVOS |e 20000516 |h 949.77015092 FIR |p 005100024204 |q 005100024204 |t BK |y 0 | ||
| 901 | |a BIBL1-2000-2 | ||
| 909 | |a Λ |b 078053 | ||
| 922 | |a 1ΕΛΗ |b 200005 |c ΚΠΣ/ΤΚΑ |d ΠΑΠΑΣΩΤΗΡΙΟΥ | ||
| 950 | |a 117-1999-11-26 | ||
| 970 | |a ΚΑΜΑΤΣΟΥ |b ΔΕΣΠΟΙΝΑ |z 2000/05/19 | ||